Statistics for Livestock by Picture A-Z

Click here to take the quiz!

General Stats

  • This quiz has been taken 115 times
  • The average score is 15 of 25

Answer Stats

Answer% Correct
Cow
99%
Donkey
96%
Goat
96%
Horse
96%
Sheep
93%
Bison
92%
Pig
92%
Turkey
92%
Alpaca
91%
Rabbit
89%
Llama
85%
Elk
79%
Quail
72%
Mule
70%
Yak
55%
Water buffalo
46%
Jackal
44%
Ibex
39%
Zebu
26%
Greater Kudu
19%
Oryx
19%
Vicuña
17%
Fallow deer
13%
Nyala
12%
Urial
6%

Score Distribution

Percentile by Number Answered

Percent of People with Each Score

Your Score History

You have not taken this quiz